书目信息 |
| 题名: |
大气气溶胶反演及其污染环境监测遥感
|
|
| 作者: | 査勇 , 贺军亮 , 程峰 , 李越 著 | |
| 分册: | ||
| 出版信息: | 北京 科学出版社 2019.03 |
|
| 页数: | 243页 | |
| 开本: | 25cm | |
| 丛书名: | ||
| 单 册: | ||
| 中图分类: | X513 | |
| 科图分类: | ||
| 主题词: | 遥感技术--yao gan ji shu--应用--大气气溶胶--空气污染--污染防治 | |
| 电子资源: | ||
| ISBN: | 978-7-03-060850-5 | |
| 000 | 01195nam0 2200289 450 | |
| 001 | 202019136787 | |
| 005 | 20191026133320.0 | |
| 010 | @a978-7-03-060850-5@b精装@dCNY149.00 | |
| 100 | @a20191022d2019 em y0chiy50 ea | |
| 101 | 0 | @achi |
| 102 | @aCN@b110000 | |
| 105 | @aak a 000yy | |
| 106 | @ar | |
| 200 | 1 | @a大气气溶胶反演及其污染环境监测遥感@Ada qi qi rong jiao fan yan ji qi wu ran huan jing jian ce yao gan@f査勇 ... [等] 著 |
| 210 | @a北京@c科学出版社@d2019.03 | |
| 215 | @a243页@c图 (部分彩图)@d25cm | |
| 304 | @a题名页题其余责任者: 贺军亮, 程峰, 李越 | |
| 320 | @a有书目 (第231-243页) | |
| 330 | @a本书是作者近年有关大气气溶胶反演及其污染环境监测遥感的最新研究进展, 共分7章, 主要包括太阳光度计、光学、偏振、激光雷达卫星反演气溶胶的技术和方法, 云对气溶胶卫星遥感的影响, 大气污染气溶胶颗粒物浓度估算, 雾霾遥感检测方法, 区域气溶胶污染变化监测及其影响分析等内容。 | |
| 606 | 0 | @a遥感技术@Ayao gan ji shu@x应用@x大气气溶胶@x空气污染@x污染防治 |
| 690 | @aX513@v5 | |
| 701 | 0 | @a査勇@Azha yong@4著 |
| 701 | 0 | @a贺军亮@Ahe jun liang@4著 |
| 701 | 0 | @a程峰@Acheng feng@4著 |
| 701 | 0 | @a李越@Ali yue@4著 |
| 801 | 0 | @aCN@c20190905 |
| 905 | @a河南城建学院图书馆@dX513@eD068 | |
| 大气气溶胶反演及其污染环境监测遥感/査勇 ... [等] 著.-北京:科学出版社,2019.03 |
| 243页:图 (部分彩图);25cm |
| ISBN 978-7-03-060850-5(精装):CNY149.00 |
| 本书是作者近年有关大气气溶胶反演及其污染环境监测遥感的最新研究进展, 共分7章, 主要包括太阳光度计、光学、偏振、激光雷达卫星反演气溶胶的技术和方法, 云对气溶胶卫星遥感的影响, 大气污染气溶胶颗粒物浓度估算, 雾霾遥感检测方法, 区域气溶胶污染变化监测及其影响分析等内容。 |
| ● |
| 相关链接 |
|
|
|
正题名:大气气溶胶反演及其污染环境监测遥感
索取号:X513/D068
 
预约/预借
| 序号 | 登录号 | 条形码 | 馆藏地/架位号 | 状态 | 备注 |
| 1 | 1445351 | 214453517 | 自科库501/501自科库 100排1列2层/ [索取号:X513/D068] | 在馆 |